[Event "HCL-E1538"]
[Site "www.playchess.de"]
[Date "2006.01.21"]
[Round "3"]
[White "Loulou"]
[Black "vvv_v"]
[WhiteElo "1461"]
[BlackElo "1840"]
[PlyCount "45"]
[Result "0-1"]

1.e4 e5 2.Nf3 Nc6 3.Bc4 Bc5 4.c3 Nf6 5.d4 exd4 
6.cxd4 Bb4+ 7.Bd2 Bxd2+ 8.Nbxd2 O-O 9.O-O d6 10.h3 
h6 11.Re1 Na5 12.b3 c5 13.dxc5 dxc5 14.e5 Nh5 
15.Qc2 Nf4 16.Qe4 Ne6 17.Rad1 Qb6 18.Bd5 Nc7 
19.Nc4 Nxc4 20.Bxc4 Qb4 21.Nh4 Be6 22.Bxe6 Nxe6 
23.Rd7 0-1

[Event "HCL-E1532"]
[Site "www.playchess.de"]
[Date "2006.01.21"]
[Round "4"]
[White "sequin"]
[Black "Loulou"]
[WhiteElo "1482"]
[BlackElo "1484"]
[PlyCount "34"]
[Result "1-0"]

1.e4 {good luck!}  e5 {good luck to you}  2.Nf3 
Nc6 3.Bb5 Bc5 4.O-O d6 5.c3 Bd7 6.d4 exd4 7.cxd4 
Bb6 8.Nc3 Nge7 9.Bg5 O-O 10.Nd5 f6 11.Nxe7+ Nxe7 
12.Bxd7 Qxd7 13.Be3 Ng6 14.Qd3 Rfe8 15.Nd2 a6 
16.Rac1 Re7 17.Nc4 Ba7 1-0

[Event "HCL-B3814"]
[Site "www.playchess.de"]
[Date "2006.01.21"]
[Round "7"]
[White "Skipper_Robert"]
[Black "adelar"]
[WhiteElo "812"]
[BlackElo "1200"]
[PlyCount "88"]
[Result "0-1"]

1.e4 e5 2.Nf3 Nc6 3.Bc4 Be7 4.Nc3 Nf6 5.O-O O-O 
6.d3 d6 7.Be3 a6 8.h3 h6 9.Nh4 Nh7 10.Nf5 Bxf5 
11.exf5 Bg5 12.Nd5 Ne7 13.Qf3 c6 14.Nb6 Rb8 15.a3 
d5 16.Bb3 Bxe3 17.Qxe3 Qd6 18.Qf3 Ng5 19.Qg4 c5 
20.Na4 d4 21.Rfe1 b5 22.Nxc5 Qxc5 23.c3 Nc6 24.h4 
Nh7 25.Rac1 Nf6 26.Qf3 Na5 27.Ba2 Qb6 28.Rxe5 dxc3 
29.Rxc3 b4 30.Rc6 Nxc6 31.Re1 bxa3 32.bxa3 Nd4 
33.Qh3 Qb2 34.Bb1 Ne2+ 35.Kf1 Nc3 36.Qe3 Nxb1 
37.Re2 Qxa3 38.Re1 Nc3 39.d4 Rb2 40.Rc1 Nfd5 
41.Qd3 Qa2 42.f6 Rxf2+ 43.Kg1 Rxg2+ 44.Kf1 
Qf2+ 0-1

[Event "HCL-C4049"]
[Site "www.playchess.de"]
[Date "2006.01.21"]
[Round "19"]
[White "tusnelda"]
[Black "ama49"]
[WhiteElo "1187"]
[BlackElo "1188"]
[PlyCount "111"]
[Result "1-0"]

1.e4 e5 2.Nf3 Nc6 3.Bc4 Nf6 4.d3 d5 5.exd5 Nxd5 
6.a3 Be7 7.O-O Be6 8.Bb3 O-O 9.c4 Nb6 10.Nc3 Nd4 
11.Nxd4 exd4 12.Ne4 h6 13.Qf3 c5 14.Qg3 Bh4 15.Qf3 
Bg5 16.Nxg5 hxg5 17.Bd1 Qc7 18.Bxg5 Nd7 19.Bf4 Qd8 
20.Qg3 Qf6 21.Bf3 Rae8 22.Bd6 a6 23.Bxf8 Rxf8 
24.Bxb7 a5 25.Bd5 Bxd5 26.cxd5 Ne5 27.Rad1 Rb8 
28.f4 Nd7 29.Rd2 Nb6 30.Qg5 Qd6 31.Qe5 Qxe5 
32.fxe5 Nxd5 33.Rc1 Rc8 34.Rc4 Ne3 35.Ra4 Ra8 
36.b4 cxb4 37.axb4 Nd5 38.bxa5 Nc7 39.Rc2 Nb5 
40.a6 Kf8 41.Ra5 Ke7 42.Rxb5 Rxa6 43.Rd5 Ra4 
44.Rd6 f6 45.Rc7+ Ke8 46.e6 Ra1+ 47.Kf2 Ra2+ 
48.Kf3 Ra3 49.Rc8+ Ke7 50.Rxd4 Kxe6 51.g4 g5 
52.Re8+ Kf7 53.Re3 Kg6 54.Re7 Ra2 55.Rdd7 f5 
56.Re6+ 1-0

[Event "HCL-C4102"]
[Site "www.playchess.de"]
[Date "2006.01.21"]
[Round "6"]
[White "nichju"]
[Black "dou3bol"]
[WhiteElo "1056"]
[BlackElo "800"]
[PlyCount "55"]
[Result "1-0"]

1.e4 {Hello greetings from Germany}  c5 2.c3 g6 
3.d4 Bg7 4.d5 Nf6 5.e5 O-O 6.exf6 Bxf6 7.Bh6 Bg7 
8.Bxg7 Na6 9.Bxf8 Qxf8 10.Bc4 e6 11.dxe6 dxe6 
12.Nf3 Bd7 13.O-O b5 14.Bb3 c4 15.Bc2 Nc5 16.Be4 
Nxe4 17.Qxd7 Rd8 18.Qxa7 Rd5 19.Qb7 Qh6 20.Qc8+ 
Kg7 21.Re1 Nd6 22.Qc7 Ne4 23.Nd4 Qh4 24.Nxe6+ Kh6 
25.g3 Nxg3 26.fxg3 Qh3 27.Qf4+ Kh5 
28.Ng7+ 1-0

[Event "HCL-B3828"]
[Site "www.playchess.de"]
[Date "2006.01.21"]
[Round "10"]
[White "nichju"]
[Black "Kannsnich"]
[WhiteElo "946"]
[BlackElo "1232"]
[PlyCount "95"]
[Result "0-1"]

1.e4 {Hallo und viel Glück!}  c6 {grüße aus 
münchen ja ich wünsch mir auch viel glück wenn ich 
darf}  2.d4 d5 {schon sprachlos ob meiner 
frechheit ?}  3.e5 {nein, da ich die Eröffnung 
aufgrund meiner geringen Kenntnisse eh nicht 
beurteilen kann}  Bf5 {Na dann kann ich ja weiter 
rumblödeln...}  4.Nf3 e6 5.Nc3 Nd7 6.Bd3 Bxd3 
7.Qxd3 c5 8.Nb5 Nb6 9.dxc5 Bxc5 10.Bg5 Ne7 11.Bxe7 
Bxe7 12.Qc3 Rc8 13.Qb3 a6 14.Nbd4 O-O 15.O-O Qc7 
16.Qd3 Nc4 17.b3 Nxe5 18.Nxe5 Qxe5 19.Rae1 Qd6 
20.Nf3 Bf6 21.Rec1 Rc3 22.Qe2 Rfc8 23.Rfd1 Qc7 
24.h4 Rxc2 25.Rxc2 Qxc2 26.Qxc2 Rxc2 27.g4 g6 
28.g5 Be7 29.Ne5 Kf8 30.Nd7+ Ke8 {hinfort 
garstiger springer}  31.Ne5 f6 32.gxf6 Bxf6 33.Ng4 
Bxh4 34.Re1 Kd7 35.Ne5+ Ke7 36.Ng4 Bg5 37.a4 Rc3 
38.b4 Rc1 39.Rxc1 Bxc1 40.f3 h5 41.Nf2 Be3 42.Kf1 
Bxf2 43.Kxf2 e5 44.Ke3 g5 45.f4 gxf4+ 46.Kf2 e4 
47.Ke2 d4 48.b5 0-1

[Event "HCL-C4094"]
[Site "www.playchess.de"]
[Date "2006.01.21"]
[Round "10"]
[White "nichju"]
[Black "Kaspov"]
[WhiteElo "999"]
[BlackElo "814"]
[PlyCount "34"]
[Result "0-1"]

1.e4 {Greetings from Germany}  e5 2.Nf3 Nc6 3.Bc4 
Bc5 4.c3 Nf6 5.Ng5 d5 6.exd5 Nxd5 7.d4 exd4 8.cxd4 
Bxd4 9.b3 Bxa1 10.Bxd5 Qe7+ 11.Be3 O-O 12.Qh5 h6 
13.Be4 Ne5 14.Nh7 Bg4 15.Nf6+ Qxf6 16.Bg5 Qd6 
17.Qh4 Qd1+ 0-1

[Event "HCL-A2498"]
[Site "www.playchess.de"]
[Date "2006.01.21"]
[Round "16"]
[White "Emerson"]
[Black "kali"]
[WhiteElo "1731"]
[BlackElo "1456"]
[PlyCount "53"]
[Result "1-0"]

1.d4 {auf ein gutes Match! Norbert}  Nf6 {Danke, 
gleichfalls! Kali}  2.e3 e6 3.Bd3 c5 4.c3 Nc6 5.f4 
d5 6.Nd2 cxd4 7.exd4 Bd6 8.Nh3 O-O 9.O-O Qc7 10.g4 
h6 11.Qf3 Nh7 12.Rf2 Qe7 13.Nf1 f5 14.gxf5 exf5 
15.Bd2 Be6 16.Re1 Qf6 17.Rg2 Rf7 18.Ne3 Ne7 19.Qh5 
Raf8 20.Kh1 {Alles Gute für 2006!}  a6 21.Reg1 b5 
22.Be1 Bb8 23.Bh4 Ng5 24.fxg5 hxg5 25.Bxg5 Qg6 
26.Qh4 Bd6 27.Bf4 1-0

[Event "ACL-M065"]
[Site "www.playchess.de"]
[Date "2006.01.21"]
[Round "36"]
[White "chessnuts"]
[Black "msdnewmex"]
[WhiteElo "1861"]
[BlackElo "2064"]
[PlyCount "79"]
[Result "1/2-1/2"]

1.d4 {Hi..good game}  d5 {Good Luck and Greetings 
from New Mexico, USA}  2.c4 c6 3.e3 Bf5 4.cxd5 
cxd5 5.Qb3 Qc7 6.Bb5+ Nd7 7.Nc3 e6 8.Nf3 Ngf6 
9.Bd2 a6 10.Rc1 Qb6 11.Qa4 Qd8 12.Bxd7+ Nxd7 
13.O-O Bd6 14.Ne2 Bd3 15.Rfe1 b5 16.Qb3 Bc4 17.Qc2 
Bxe2 18.Rxe2 O-O 19.Qb3 Qb8 20.Bb4 Bxb4 21.Qxb4 
Rc8 22.Rec2 Rc4 23.Qd2 Qb7 24.b3 Rxc2 25.Qxc2 Nb6 
{Happy Hollidays to you and yours!!!}  26.Ne5 Rc8 
27.Qd1 Nd7 28.Nxd7 Qxd7 29.Rc5 Rxc5 30.dxc5 b4 
31.a3 bxa3 32.Qa1 Qb5 33.Qxa3 f6 34.h4 h5 35.b4 
Kf7 36.Qc3 Ke8 37.e4 dxe4 38.c6 Qe5 39.Qe3 Qd5 
40.Qb6 {(offering draw)}  1/2-1/2

[Event "HCL-B3746"]
[Site "www.playchess.de"]
[Date "2006.01.22"]
[Round "10"]
[White "SHOOTER"]
[Black "jerrylaine"]
[WhiteElo "1280"]
[BlackElo "1543"]
[PlyCount "36"]
[Result "0-1"]

1.e4 {Good luck.}  e5 {Same to You}  2.Nf3 d6 
3.Nc3 Nf6 4.Bc4 Be7 5.O-O O-O 6.h3 c6 7.d4 exd4 
8.Nxd4 Nbd7 9.Nb3 Ne5 10.f4 Nxc4 11.e5 dxe5 
12.fxe5 Qxd1 13.Rxd1 Nxe5 14.Re1 Ng6 15.Bg5 Be6 
16.Rad1 Nd5 17.Bxe7 Ngxe7 18.Nxd5 
Nxd5 0-1

[Event "HCL-A2458"]
[Site "www.playchess.de"]
[Date "2006.01.22"]
[Round "12"]
[White "tiit145"]
[Black "evets"]
[WhiteElo "1547"]
[BlackElo "1450"]
[PlyCount "115"]
[Result "1-0"]

1.e4 {Hello!}  e6 {Hello and good luck!}  2.Qf3 
{Hello!Good luck!}  d5 3.exd5 exd5 {Good Luck!}  
4.Qd1 Nf6 5.d4 Nbd7 6.Nf3 Be7 7.Bd3 O-O 8.Nbd2 b6 
9.Kf1 Re8 10.g3 c5 11.c4 dxc4 12.Bb1 Ba6 13.Kg1 
cxd4 14.a3 c3 15.Nb3 cxb2 16.Bxb2 Bc5 17.Nfxd4 
Bxd4 18.Bxd4 Be2 19.Qd2 Bf3 20.Qd3 Bxh1 21.Kxh1 
Re1+ 22.Kg2 Ne5 23.Qf5 Qd5+ 24.Kh3 Qd7 25.Qxd7 
Nexd7 26.Bxh7+ Kxh7 27.Rxe1 Re8 28.Rg1 Kg6 29.f4 
Ne4 30.Rc1 {Hello!Happy New Year! Tiit}  Ndf6 
31.Rc7 Rh8+ 32.Kg2 a5 33.Rb7 Nd5 34.Bxb6 Nxb6 
35.Rxb6+ f6 36.Ra6 Rb8 37.Nxa5 Rb2+ 38.Kh1 Kf5 
39.Nc4 Re2 40.Rb6 Kg4 41.Rb2 Re1+ 42.Kg2 Ra1 
43.Ne3+ Kh5 44.Kf3 Nc3 45.Rb3 Rc1 46.g4+ Kg6 
47.Nf5 Nd5 48.Ng3 Rc3+ {(offering draw)}  49.Rxc3 
Nxc3 50.h4 Kf7 51.f5 g6 52.Ne4 Na4 53.Nd6+ Kg7 
54.fxg6 Kxg6 55.Kf4 Nc5 56.h5+ Kg7 57.Kf5 Na4 
58.Ne8+ 1-0

[Event "HCL-B3785"]
[Site "www.playchess.de"]
[Date "2006.01.22"]
[Round "17"]
[White "Snillie"]
[Black "GMO"]
[WhiteElo "1467"]
[BlackElo "1304"]
[PlyCount "99"]
[Result "1-0"]

1.c4 e5 2.g3 Bc5 3.Bg2 Qf6 4.e3 Ne7 5.Ne2 O-O 
6.O-O Qe6 7.b3 d5 8.cxd5 Nxd5 9.Bb2 Nc6 10.Nbc3 
Nxc3 11.Bxc3 Re8 12.Rc1 Ba3 13.Rc2 h6 14.Qa1 Bd6 
15.d4 e4 16.Rd1 Qe7 17.h3 f6 18.Rdc1 Bf5 19.Nf4 
Bxf4 20.gxf4 Qd7 21.Kh2 Rac8 22.Rg1 Qd5 23.Bd2 a5 
24.Rc5 Qd7 25.Bf1 b6 26.Rc2 Qf7 27.Rxc6 Qh5 
28.Rxf6 Kh7 29.Rxf5 Qxf5 30.d5 Qf6 31.Qxf6 gxf6 
32.Bc4 f5 33.Bc3 Reg8 34.Rxg8 Rxg8 35.Be5 Rc8 
36.Ba6 Ra8 37.Bb7 Ra7 38.Bc6 Kg6 39.Kg3 Kh7 40.f3 
b5 41.fxe4 fxe4 42.f5 a4 43.Bd4 Ra5 44.b4 Ra6 
45.Bxb5 Ra8 46.f6 Rb8 47.f7 a3 48.Bc5 Kg7 49.Be8 
Rxe8 50.fxe8Q 1-0

[Event "HCL-B3759"]
[Site "www.playchess.de"]
[Date "2006.01.22"]
[Round "34"]
[White "JRockne"]
[Black "GMO"]
[WhiteElo "1067"]
[BlackElo "1364"]
[PlyCount "83"]
[Result "1-0"]

1.e4 e5 2.Nf3 d6 3.Nc3 Nf6 4.Bb5+ c6 5.Ba4 Be6 
6.O-O b5 7.Bb3 a5 8.a3 a4 9.Bxe6 fxe6 10.d3 Be7 
11.Ne2 O-O 12.Ng3 h6 13.Bd2 Nbd7 14.h4 Nh7 15.Qe1 
Bxh4 16.Ne2 Bg5 17.Bxg5 Nxg5 18.Nxg5 Qxg5 19.Ng3 
d5 20.Rd1 Nf6 21.Qd2 Qxd2 22.Rxd2 Rad8 23.Rfd1 Ng4 
24.f3 Nf6 25.Kf1 dxe4 26.Nxe4 Nxe4 27.dxe4 Rxd2 
28.Rxd2 Rc8 29.Rd7 Kf8 30.Ke2 Kg8 31.Re7 Kh7 
32.Rxe6 h5 33.Rxe5 Kh6 34.f4 Rf8 35.Re6+ Rf6 36.f5 
Kh7 37.Ke3 Rxe6 38.fxe6 Kg8 39.Kd4 g5 40.Kc5 g4 
41.Kxc6 Kf8 42.Kd7 1-0

[Event "HCL-B3835"]
[Site "www.playchess.de"]
[Date "2006.01.22"]
[Round "12"]
[White "GMO"]
[Black "PhilipKaveny"]
[WhiteElo "1337"]
[BlackElo "1353"]
[PlyCount "111"]
[Result "1/2-1/2"]

1.e4 g6 2.d3 d6 3.Nf3 Bg7 4.Bd2 Nf6 5.Be2 O-O 
6.O-O c5 7.Nc3 {No, 6... N x e4}  a6 {No, 6... N x 
e4  was better}  8.h3 b5 {I agree I did not see 
it}  9.e5 dxe5 10.Nxe5 Bb7 11.Bf3 Bxf3 12.Qxf3 
Nbd7 13.Nxd7 Qxd7 14.Qe3 Rac8 15.Rae1 e6 {Do you 
ever sleep ?}  16.a3 {I am sleeping!}  Nd5 {For a 
smart kid nine years old you are okay you will 
soon be beating me everygame}  17.Nxd5 {Yes...}  
Qxd5 18.Reb1 Rfd8 19.Ba5 Rde8 20.Rfe1 Bd4 21.Qe4 
Bg7 22.Qxd5 exd5 23.Rxe8+ Rxe8 24.Bb6 c4 25.dxc4 
bxc4 26.c3 Rb8 27.Bd4 Bxd4 28.cxd4 Rb3 29.Re1 Rxb2 
{Quack Quack Qauck}  30.Re8+ Kg7 31.Rc8 Rd2 32.Rc6 
Rxd4 33.Rxa6 Rd3 34.a4 Rd2 35.Rc6 Ra2 36.Rc5 Rxa4 
37.Rxd5 Ra3 38.Rd2 Rc3 39.Kf1 Rc1+ 40.Ke2 c3 
41.Ra2 Rb1 42.Kf3 Rb2 43.Ra1 c2 44.Rc1 Kf6 45.Ke3 
h5 46.Kd3 g5 47.Kc3 Rb1 48.Rxc2 Rb8 49.Kd3 Re8 
50.Rc6+ {I am sleeping..}  Re6 {(offering draw) 
:)}  51.Rxe6+ Kxe6 52.g4 hxg4 53.hxg4 Ke5 54.Ke3 
f5 55.gxf5 Kxf5 56.f3 {(offering draw)} 
 1/2-1/2

[Event "HCL-C3980"]
[Site "www.playchess.de"]
[Date "2006.01.22"]
[Round "4"]
[White "odin"]
[Black "JerryReneau"]
[WhiteElo "800"]
[BlackElo "1117"]
[PlyCount "137"]
[Result "1-0"]

1.e4 e5 2.Nf3 d6 3.Nc3 Nf6 4.d3 Nc6 5.Bg5 h6 
6.Bxf6 Qxf6 7.Nd5 Qd8 8.Be2 Be7 9.O-O O-O 10.h3 
Nd4 11.c3 Nxe2+ 12.Qxe2 c6 13.Ne3 Bg5 14.Rad1 Be6 
15.c4 Bxe3 16.Qxe3 f6 17.b3 d5 18.d4 Qa5 19.exd5 
cxd5 20.dxe5 Qxa2 21.cxd5 Bd7 22.e6 Bb5 23.Rfe1 
Rac8 24.e7 Rfe8 25.d6 Bd7 26.Nd4 g5 27.Ne6 Qa5 
28.Nc7 Rxc7 29.dxc7 Qxc7 30.Qd3 Bc6 31.Qc4+ Kg7 
32.Qd4 Rxe7 33.Rxe7+ Qxe7 34.Qxa7 Qb4 35.Qe3 Qe4 
36.Qxe4 Bxe4 37.b4 Bc6 38.Rd4 h5 39.Kf1 Kg6 40.g3 
Kf5 41.Ke2 g4 42.Rf4+ Kg5 {(offering draw)}  
43.h4+ Kg6 44.Ke3 f5 45.Kd4 Kf6 46.Kc5 Ke6 47.b5 
Bf3 48.Kb6 Bg2 49.Kc7 Bh1 50.b6 Bc6 51.Rc4 Bd5 
52.Rd4 Bg2 53.Ra4 Ke5 54.Ra7 Kd4 55.Rxb7 Kd3 
56.Ra7 Ke2 57.Ra2+ Kf1 58.b7 Bxb7 59.Kxb7 Kg2 
60.Kc6 Kf3 61.Kd5 f4 62.gxf4 Kxf4 63.Ke6 g3 
64.fxg3+ Kxg3 65.Ra4 Kh3 66.Ke5 Kg3 67.Kf5 Kh3 
68.Kg5 Kg3 69.Ra3+ 1-0

[Event "HCL-B3833"]
[Site "www.playchess.de"]
[Date "2006.01.22"]
[Round "20"]
[White "djpnola"]
[Black "Skipper_Robert"]
[WhiteElo "1162"]
[BlackElo "1044"]
[PlyCount "58"]
[Result "0-1"]

1.f4 {Hello again}  e6 2.Nf3 d6 {once more, 
hello!}  3.e4 Nc6 4.d4 d5 5.e5 f6 6.Bb5 Bd7 7.Bxc6 
Bxc6 8.Be3 Bb4+ 9.c3 Ba5 10.b4 Bb6 11.a4 a5 12.b5 
Bd7 13.O-O Ne7 14.exf6 gxf6 15.Nbd2 Nf5 16.Qe2 Qe7 
17.g3 O-O-O 18.Nb3 Rdg8 19.Bf2 h5 20.Qe1 h4 21.Ra2 
Be8 22.Nc5 Bxc5 23.dxc5 Bh5 24.Bd4 hxg3 25.c6 
gxh2+ 26.Kxh2 Qd6 27.cxb7+ Kxb7 28.Bf2 {Looks like 
this one's gonna be yours.
}  Bxf3+ 29.Bh4 Qxf4+ 0-1

[Event "HCL-M847"]
[Site "www.playchess.de"]
[Date "2006.01.22"]
[Round "4"]
[White "temple"]
[Black "Goofy"]
[WhiteElo "1754"]
[BlackElo "2041"]
[PlyCount "82"]
[Result "0-1"]

1.d4 {Hello again,good luck.}  Nf6 {Same to you! 
;o))}  2.c4 g6 3.Nc3 d5 4.e3 Bg7 5.Nf3 c6 6.Bd3 
O-O 7.O-O a6 8.b3 Bg4 9.h3 Bxf3 10.Qxf3 b5 11.c5 
Nbd7 12.Bb2 e5 13.dxe5 Nxe5 14.Qe2 Nxd3 15.Qxd3 
Ne4 16.Rab1 Nxc5 17.Qd2 Re8 18.Rfd1 Qh4 19.Rbc1 
Rad8 20.Qc2 Ne6 21.Ne2 Bxb2 22.Qxb2 c5 23.Rd2 c4 
24.Rcd1 Nc5 25.Nc1 {Happy New Year!}  Qh5 26.R2d4 
Ne6 27.R4d2 Ng5 28.Ne2 Ne4 29.R2d4 Qf5 30.Nc3 Nxc3 
31.Qxc3 Re4 32.f3 Rxd4 33.Qxd4 Qc2 34.bxc4 Qxc4 
35.e4 Qxa2 36.exd5 b4 37.Qxb4 Rxd5 38.Rb1 Rb5 
39.Qxb5 axb5 40.Rxb5 Qe2 41.Rd5 
h5 0-1

[Event "HCL-A2554"]
[Site "www.playchess.de"]
[Date "2006.01.22"]
[Round "24"]
[White "Zembla"]
[Black "CYTO"]
[WhiteElo "1471"]
[BlackElo "1248"]
[PlyCount "31"]
[Result "1-0"]

1.Nc3 {greetings}  e6 {hello from tennessee}  
2.Nf3 {hi from Charlotte, NC}  Nf6 3.e4 Bc5 4.d4 
Bb6 5.Bc4 d6 6.Bg5 e5 7.dxe5 dxe5 8.Qxd8+ Kxd8 
9.Nxe5 Ke8 10.Bxf7+ Ke7 11.O-O-O Bxf2 12.Rhf1 Bb6 
13.Nd5+ Kf8 14.Nxf6 gxf6 15.Bxf6 Rg8 
16.Rd8+ 1-0

[Event "HCL-M864"]
[Site "www.playchess.de"]
[Date "2006.01.22"]
[Round "14"]
[White "Harijs"]
[Black "aldo"]
[WhiteElo "1832"]
[BlackElo "1869"]
[PlyCount "59"]
[Result "1-0"]

1.d4 Nf6 2.c4 g6 3.Nc3 d5 4.Nf3 Bg7 5.e3 O-O 6.Bd2 
c5 7.dxc5 Na6 8.cxd5 Nxc5 9.Bc1 Bf5 10.Bc4 Nfe4 
11.Nxe4 Nxe4 12.O-O Rc8 13.Qe2 Qc7 14.Bd3 Rfd8 
15.g4 Bxg4 16.Bxe4 f5 17.Bd3 Rxd5 18.e4 fxe4 
19.Bxe4 Rh5 20.h4 Rxh4 21.Re1 Rh3 22.Bd5+ Kh8 
23.Qf1 Rxf3 24.Bxf3 Bxf3 25.Qh3 Rf8 26.a4 e5 
27.Ra3 e4 28.Bh6 Rf5 29.Rxf3 exf3 
30.Qxf5 1-0

[Event "HCL-B3800"]
[Site "www.playchess.de"]
[Date "2006.01.22"]
[Round "4"]
[White "hctr2006"]
[Black "Berniemac"]
[WhiteElo "1200"]
[BlackElo "833"]
[PlyCount "39"]
[Result "1-0"]

1.d4 Nh6 2.e4 e6 3.Nf3 Bb4+ 4.c3 Bd6 5.e5 Be7 
6.Bd3 O-O 7.O-O d6 8.Qc2 g6 9.Bxh6 Re8 10.g3 dxe5 
11.dxe5 b6 12.h4 f6 13.Bxg6 Kh8 14.Bxh7 Bc5 
15.exf6 Qxf6 16.Qg6 Qe7 17.Ng5 Bd6 18.Nf7+ Qxf7 
19.Qxf7 Re7 20.Qg8+ 1-0

[Event "HCL-C3968"]
[Site "www.playchess.de"]
[Date "2006.01.22"]
[Round "10"]
[White "perugia"]
[Black "borank"]
[WhiteElo "1146"]
[BlackElo "800"]
[PlyCount "33"]
[Result "1-0"]

1.e4 e5 2.Bc4 Nf6 3.d4 exd4 4.Qxd4 Nc6 5.Qe3 Bb4+ 
6.c3 Ba5 7.Nf3 O-O 8.O-O Re8 9.Bd3 d5 10.e5 Ng4 
11.Qf4 Ncxe5 12.Nxe5 Nxe5 13.Bc2 Bb6 14.Re1 Nf3+ 
15.gxf3 Rxe1+ 16.Kg2 Re2 17.Bd3 1-0

[Event "HCL-M872"]
[Site "www.playchess.de"]
[Date "2006.01.22"]
[Round "11"]
[White "slimsboy"]
[Black "Grabanzito"]
[WhiteElo "1901"]
[BlackElo "1733"]
[PlyCount "58"]
[Result "0-1"]

1.e4 {Aloha, good luck!}  c5 {Hello and good luck. 
Are you from Hawaii ?}  2.Nc3 {Yes, I am, born and 
raised.}  Nc6 3.g3 g6 4.Bg2 Bg7 5.d3 d6 6.Be3 e6 
7.Qd2 Nge7 8.Bh6 O-O 9.h4 f5 10.h5 fxe4 11.hxg6 
hxg6 12.dxe4 Rf7 13.O-O-O Bh8 14.Nh3 Nd4 15.Ng5 
Rf6 16.f4 Bd7 17.e5 dxe5 18.fxe5 Rf5 19.Nce4 Bxe5 
20.c3 Ba4 21.cxd4 cxd4 22.b3 Qb6 23.Nf3 {We have a 
wild one here!!}  Rc8+ {Well, I feel like I 
already screwed it up positionally. So this wild 
brawl is my only hope}  24.Kb1 {I love games like 
this! Win or lose, at least it's fun!}  Rxf3 {I 
normally don't, but after my sloppy play earlier I 
don't have a choice}  25.Bxf3 {Rf3 was the move I 
did not want to see. Down a rook for 2 pawns, but 
my King looks pretty lonely!}  Bxb3 {I didn't want 
the knight to take the Be5}  26.axb3 {You are 
getting a lot of pawns for your rook.}  Qxb3+ 
27.Qb2 Qxf3 28.Rhe1 Rc6 29.Nd2 {shoots, missed a 
simple one.}  Qd3+ {What are you doing, man 

? You are ruining your game}  0-1

[Event "HCL-E1541"]
[Site "www.playchess.de"]
[Date "2006.01.22"]
[Round "6"]
[White "vvv_v"]
[Black "hakam_kilani"]
[WhiteElo "1840"]
[BlackElo "1738"]
[PlyCount "39"]
[Result "1-0"]

1.e4 d5 2.exd5 Qxd5 3.Nc3 Qa5 4.Nf3 Bg4 5.Be2 Nf6 
6.O-O e6 7.d4 c6 8.Ne5 Bxe2 9.Qxe2 Bd6 10.Bg5 Nd5 
11.Ne4 Bxe5 12.dxe5 Nd7 13.Nd6+ Kf8 14.c4 Ne7 
15.Rad1 Qxe5 16.Qh5 Ng6 17.Nxf7 Kxf7 18.Rxd7+ Ke8 
19.Rfd1 Rf8 20.Re7+ 1-0

[Event "HCL-B3808"]
[Site "www.playchess.de"]
[Date "2006.01.22"]
[Round "21"]
[White "nichju"]
[Black "JuliusCaesar"]
[WhiteElo "973"]
[BlackElo "1158"]
[PlyCount "41"]
[Result "1-0"]

1.e4 {Hello}  c5 {Hi! I wish you a pleasant game.} 
 2.Nc3 {Hi, good luck and a happy new year}  Nc6 
3.Bc4 e6 4.Nf3 Nf6 5.e5 Ng8 6.d3 a6 7.Bf4 h6 8.O-O 
b5 9.Bb3 d6 10.Ne4 dxe5 11.Bxe5 Nxe5 12.Nxe5 Nf6 
13.Nc6 Qc7 14.Nxf6+ gxf6 15.Qf3 Bb7 16.Qxf6 Rg8 
17.Bxe6 Bxc6 18.Bxf7+ Qxf7 19.Rfe1+ Be7 20.Qxc6+ 
Kf8 21.Qxa8+ 1-0

[Event "HCL-B3757"]
[Site "www.playchess.de"]
[Date "2006.01.22"]
[Round "19"]
[White "Concrete_Pluto"]
[Black "ama49"]
[WhiteElo "1107"]
[BlackElo "1165"]
[PlyCount "71"]
[Result "1-0"]

1.e4 e5 2.Bc4 Nc6 3.Nf3 Nf6 4.Ng5 d5 5.exd5 Na5 
6.d3 Nxc4 7.dxc4 Bd6 8.Qe2 O-O 9.Nc3 Bg4 10.f3 Bh5 
11.Nce4 Nxe4 12.Qxe4 Bg6 13.Qe2 Re8 14.O-O h6 
15.Ne4 c6 16.Nxd6 Qxd6 17.b3 cxd5 18.Bb2 d4 19.a3 
Rad8 20.Rad1 Qc5 21.Kh1 a6 22.Rfe1 b5 23.c3 dxc3 
24.b4 Qc6 25.Bxc3 Rxd1 26.Rxd1 Kh7 27.c5 f6 28.h3 
Bf7 29.Rd6 Qc7 30.Qe4+ Bg6 31.Qd5 Bd3 32.Qxd3+ Kg8 
33.c6 Qc8 34.Qd5+ Kf8 35.Rd7 Qa8 
36.Qf7+ 1-0

[Event "HCL-E1519"]
[Site "www.playchess.de"]
[Date "2006.01.22"]
[Round "34"]
[White "PLAYCHESS1963"]
[Black "Emerson"]
[WhiteElo "1761"]
[BlackElo "1726"]
[PlyCount "67"]
[Result "1/2-1/2"]

1.e4 c5 2.Nf3 Nc6 3.d4 cxd4 4.Nxd4 Qb6 5.Nxc6 dxc6 
6.Bd3 e5 7.O-O Be6 8.Nc3 O-O-O 9.Na4 Qd4 10.Nc3 
Kb8 11.Be3 Qd7 12.f4 f6 13.a4 exf4 14.Bxf4+ Bd6 
15.Bxd6+ Qxd6 16.Qh5 Nh6 17.h3 Qb4 18.Rab1 Nf7 
19.Qh4 Ne5 20.Qg3 Rd7 21.Rfd1 Rhd8 22.a5 Qxa5 
23.b4 Qb6+ 24.Kh1 Ka8 25.Na4 Qc7 26.Nc5 R7d6 
27.Rba1 Bc8 28.Rdb1 Nxd3 29.Nxd3 R6d7 30.Qe3 b6 
31.Ra3 Qb8 32.Rba1 a6 33.Kg1 Ra7 34.Nb2 {(offering 
draw)}  1/2-1/2

[Event "HCL-A2567"]
[Site "www.playchess.de"]
[Date "2006.01.22"]
[Round "1"]
[White "wbaldan"]
[Black "neg001gro"]
[WhiteElo "1700"]
[BlackElo "1700"]
[PlyCount "68"]
[Result "0-1"]

1.e4 e5 2.Nf3 Nc6 3.Bc4 Bc5 4.c3 Nf6 5.d4 exd4 
6.cxd4 Bb4+ 7.Nc3 Nxe4 8.O-O Bxc3 9.d5 Ne5 10.bxc3 
Nxc4 11.Qd4 f5 12.Qxc4 d6 13.Nd4 O-O 14.f3 Nc5 
15.Re1 Bd7 16.Ne6 Qe8 17.Bf4 b5 18.Qd4 Nxe6 
19.dxe6 Bxe6 20.Re2 Qf7 21.Rae1 Rfe8 22.Qd2 h6 
23.Bxh6 gxh6 24.Qxh6 Bd7 25.Qg5+ Kf8 26.Qh6+ Qg7 
27.Qxg7+ Kxg7 28.Kf2 Rxe2+ 29.Rxe2 Re8 30.Rd2 Re5 
31.Re2 a5 32.f4 Rxe2+ 33.Kxe2 Bc6 34.g3 
b4 0-1

[Event "HCL-C4016"]
[Site "www.playchess.de"]
[Date "2006.01.22"]
[Round "26"]
[White "newplayer"]
[Black "Viking"]
[WhiteElo "1085"]
[BlackElo "980"]
[PlyCount "54"]
[Result "0-1"]

1.e4 c5 2.e5 Nc6 3.f4 d5 4.Bb5 a6 5.Bxc6+ bxc6 
6.d3 g6 7.b3 Bf5 8.d4 e6 9.Nd2 Bh6 10.Ndf3 Ne7 
11.h3 cxd4 12.Nxd4 Be4 13.Ngf3 c5 14.Ne2 O-O 
15.Ng3 Nf5 16.Nxf5 Bxf5 17.g4 Be4 18.Rf1 d4 19.g5 
Bg7 20.Nd2 Qd5 21.Nc4 Rab8 22.a4 d3 23.cxd3 Bxd3 
24.Rf2 Rfd8 25.Rd2 Qe4+ 26.Ne3 Qxe3+ 27.Qe2 
Qg1+ 0-1

[Event "HCL-A2540"]
[Site "www.playchess.de"]
[Date "2006.01.22"]
[Round "35"]
[White "yannick"]
[Black "jjn2"]
[WhiteElo "1627"]
[BlackElo "1772"]
[PlyCount "60"]
[Result "0-1"]

1.b4 e5 2.Bb2 Bxb4 3.Bxe5 Nf6 4.Nf3 Nc6 5.Bb2 d5 
6.a3 Bd6 7.e3 O-O 8.Bb5 Qe7 9.Bxf6 Qxf6 10.Nc3 Ne7 
11.O-O a6 12.Bd3 Bg4 13.Be2 c5 14.d4 Rac8 15.e4 
cxd4 16.Nxd5 Nxd5 17.exd5 Rfe8 18.Nxd4 Qe5 19.f4 
Qe3+ 20.Rf2 Bxe2 21.Nxe2 Bc5 22.Qf1 Qxe2 23.c4 Qd2 
24.d6 Re2 25.d7 Rd8 26.Rd1 Qe3 27.Kh1 Rxf2 28.Qe1 
Qxe1+ 29.Rxe1 Kf8 30.g3 Rxd7 0-1

[Event "HCL-C3985"]
[Site "www.playchess.de"]
[Date "2006.01.22"]
[Round "4"]
[White "ronan48"]
[Black "klm"]
[WhiteElo "959"]
[BlackElo "1028"]
[PlyCount "42"]
[Result "0-1"]

1.e4 e5 2.Nf3 Nc6 3.Nc3 Nf6 4.d4 exd4 5.Nd5 Nxe4 
6.Nxd4 Bc5 7.Nxc6 dxc6 8.Ne3 Qf6 9.f3 Nd6 10.Be2 
Bxe3 11.Bxe3 Qxb2 12.O-O Bf5 13.g4 Bxc2 14.Qe1 O-O 
15.Qh4 Rae8 16.Bxa7 Rxe2 17.Bc5 Bd3 18.Qe7 Rxe7 
19.Rfd1 Rfe8 20.Rab1 Bxb1 21.Bxd6 
R7e1+ 0-1

[Event "HCL-C4094"]
[Site "www.playchess.de"]
[Date "2006.01.22"]
[Round "1"]
[White "schnitzly"]
[Black "Henri"]
[WhiteElo "1247"]
[BlackElo "824"]
[PlyCount "39"]
[Result "1-0"]

1.e4 {Hallo!Grand de plaisire!}  e5 {Bonjour et 
Bonne partie}  2.f4 Nc6 3.fxe5 Nxe5 4.Nf3 Nc6 5.d4 
Nf6 6.Bg5 Be7 7.Nc3 d6 8.Bb5 O-O 9.Qd2 a6 10.Bc4 
b5 11.Be2 Bb7 12.h4 h6 13.Bf4 Na7 14.g4 Nxg4 
15.Rg1 Nf6 16.Bxh6 Nh5 17.Bxg7 Nxg7 18.Qh6 Bf6 
19.Ng5 Bxg5 20.Rxg5 1-0

[Event "HCL-A2501"]
[Site "www.playchess.de"]
[Date "2006.01.22"]
[Round "2"]
[White "kali"]
[Black "ejaki"]
[WhiteElo "1456"]
[BlackElo "1628"]
[PlyCount "54"]
[Result "1-0"]

1.Nf3 d5 2.g3 Bf5 3.Bg2 e6 4.d3 h6 5.O-O Nf6 6.b3 
Nc6 7.Bb2 Be7 8.Nbd2 O-O 9.a3 Nh7 10.c4 d4 11.b4 
a6 12.Nb3 Bf6 13.Nh4 Bxh4 14.gxh4 Qxh4 15.Bxc6 
bxc6 16.Nxd4 Bh3 17.f3 Bxf1 18.Qxf1 Qf4 19.Rd1 Ng5 
20.Nxc6 f6 21.Qg2 Qe3+ 22.Kf1 e5 23.Ne7+ Kh7 24.h4 
Ne6 25.Qg6+ Kh8 26.Nf5 Qf4 27.Kg2 
Qe3 1-0